Statystyki dla Quiz o Republice Środkowoafrykańskiej

Kliknij tutaj aby rozwiązać quiz!

Ogólne statystyki

  • Ten quiz został rozwiązany 459 razy
  • Średni wynik to 13 z 19

Statystyki odpowiedzi

WskazówkaOdpowiedź% Poprawnych
Państwa granicząceDemokratyczna
Republika Konga
95%
Państwa granicząceKongo
94%
Państwa granicząceSudan
94%
Państwa granicząceCzad
92%
Oficjalne językifrancuski
91%
Państwa granicząceSudan Południowy
91%
Państwa granicząceKamerun
88%
Słowo na "S” określające trawiasty ekosystem, taki jak
ten pokrywający prawie całą powierzchnię RŚA
Sawanna
80%
Mucha roznosząca choroby, która utrudnia wypas zwierzątMucha
{tse}-{tse}
79%
StolicaBangi
72%
RŚA ma najniższą średnią ____ ____ ____ ze wszystkich krajów,
wynosi zaledwie 52,8 lat
Oczekiwaną długość
życia
62%
Tytuł, który prezydent Jean-Bédel Bokassa nadał sobie w 1979 rokuCesarz
52%
Kompasy mogą nie działać poprawnie w RŚA,
ponieważ większość kraju jest pokryta dużą anomalią ______
Magnetyczną
51%
Stanowią one 57% oficjalnego eksportu, a
znacznie więcej jest szmuglowanych nielegalnie
Diamenty
46%
WalutaFrank CFA
41%
Ze względu na swoje odległe położenie i brak
prądu, RŚA ma najniższe zanieczyszczenie _____
ze wszystkich państw
Świetlne
36%
Oficjalne językiSango
35%
Główna rzeka przepływająca przez stolicęUbangi
35%
Drugie najludniejsze miasto
(wskazówki: zaczyna się na B, i leży przy
granicy państwa graniczącego #3)
Bimbo
31%

Rozkład punktacji

Percentyl według liczby udzielonych odpowiedzi

Procent ludzi z każdym wynikiem

Twoja historia wyników

Nie rozwiązałeś tego quizu